Normal view
MARC view
Entry Personal Name
001 - CONTROL NUMBER
- control field: 16592
003 - CONTROL NUMBER IDENTIFIER
- control field: BD-RjUL
005 - DATE AND TIME OF LATEST TRANSACTION
- control field: 20250813110206.0
008 - FIXED-LENGTH DATA ELEMENTS
- fixed length control field: 250813|| aca||aabn | a|a d
040 ## - CATALOGING SOURCE
- Original cataloging agency: BD-RjUL
- Transcribing agency: BD-RjUL
100 ## - HEADING--PERSONAL NAME
- Personal name: محمد علی ;; Muhammad Ali
670 ## - SOURCE DATA FOUND
- Source citation: Work cat.: (BD-RjUL)85526: محمد علی ;; Muhammad Ali, خطبہ یوم اقبال ;; khatbah um aqbal /, 1952